| 000 | 00000nam 2200000zi 4500 |
| 001 | 9.929839 |
| 003 | CaOODSP |
| 005 | 20231204082546 |
| 006 | m o d f |
| 007 | cr cn||||||||| |
| 008 | 231102t20232023oncad ob f000 0 eng d |
| 020 | |a9780660686646 |
| 040 | |aCaOODSP|beng|erda|cCaOODSP |
| 043 | |an-cn--- |
| 086 | 1 |aIu188-164/1-2023E-PDF |
| 245 | 00|a2010-2022 Business Development Bank of Canada legislative review report. |
| 264 | 1|aOttawa, ON : |bInnovation, Science and Economic Development Canada = Innovation, sciences et développement économique Canada, |c[2023] |
| 264 | 4|c©2023 |
| 300 | |a1 online resource (78 pages) : |billustrations, graphs |
| 336 | |atext|btxt|2rdacontent |
| 337 | |acomputer|bc|2rdamedia |
| 338 | |aonline resource|bcr|2rdacarrier |
| 500 | |aCover title. |
| 500 | |aIssued also in French under title: Rapport de l'examen législatif de la Banque de développement du Canada 2010-2022. |
| 504 | |aIncludes bibliographical references (pages 75-78). |
| 520 | |a"The Business Development Bank of Canada (BDC) is a financial Crown corporation wholly-owned by the Government of Canada that provides support to small and medium-sized enterprises (SMEs) and entrepreneurs. The Business Development Bank of Canada Act (BDC Act), which governs the BDC, requires that a review of the legislation be conducted on a regular basis"--Executive summary, page 5. |
| 610 | 20|aBusiness Development Bank of Canada. |
| 610 | 10|aCanada. |tBusiness Development Bank of Canada Act. |
| 650 | 0|aDevelopment banks|xLaw and legislation|zCanada. |
| 650 | 0|aCommercial loans|xLaw and legislation|zCanada. |
| 650 | 0|aSmall business|xFinance|xLaw and legislation|zCanada. |
| 710 | 1 |aCanada. |bInnovation, Science and Economic Development Canada, |eissuing body. |
| 775 | 08|tRapport de l'examen législatif de la Banque de développement du Canada 2010-2022.|w(CaOODSP)9.929840 |
| 795 | |tBusiness Development Bank of Canada - 10-year legislative review, 2001-2010 |w(CaOODSP)9.697353 |
| 856 | 40|qPDF|s1.58 MB|uhttps://publications.gc.ca/collections/collection_2023/isde-ised/Iu188-164-1-2023-eng.pdf |
| 856 | 4 |qHTML|sN/A|uhttps://ised-isde.canada.ca/site/bdc-review/en/2010-2022-business-development-bank-canada-legislative-review-report |